00684 2200205 4500001002100000005001500021035002000036008004100056245002900097100001700126250000600143260003800149300001200187084001400199082000800213650001000221520022300231990001200454990001200466INLIS00000000000092220240603081219 a0010-0524000157240603 1 ind 1 aMinus 1% /cWindriani NW aWindriani NW a1 aYogyakarta :bSheila/ Andi,c2008 a264 hlm a813 WIN m a813 4aFiksi aSejak kecil Mia bercita-cita menjadi pelukis seperti ayahnya. Sayangnya ada satu masalah yaitu gambar Mia jelek. Jika benar bahwa jenius adalah 99% kerja keras dan 1% bakat, Mia sama sekali tidak memiliki yang 1% itu.. a0741598 a0741599